000
00339 a2200157 4500
001
150229
040
_c
Escola São Tomás de Aquino
100
_a
TRAMBAIOLLI, Egidio Neto
240
1
0
_a
Os exploradores
_l
por
245
1
0
_a
Os exploradores
300
_a
80
362
0
_a
1999
440
1
_a
FTD
697
_a
MATEMÁTICA
942
_c
BK
999
_c
150229
_d
150229